000 00517nam a22001697a 4500
003 OSt
005 20260128055814.0
008 260128b |||||||| |||| 00| 0 eng d
020 _a971-8705-55-4.
040 _aDWC-Main lib.
_cOC
082 _21st ed.
_aFil. 427 En81 2001
245 _aEntablado:
_bsabayang pagbigkas sa filipino at hiligaynon/
250 _a1st ed.
260 _aManila:
_b Komisyon sa Wikang Filipino,
_cc2001.
300 _aviii, 154 p. ;
_c23 cm.
942 _2ddc
_cBK - FIL
_e1st ed.
_hFil.
_n0
999 _c7901
_d7901